000 00231nam a2200097Ia 4500
005 20251222114408.0
008 251222s1900||||xx |||||||||||||| ||spa||
082 _aDVD0124/P59/2005/Ej.2
245 0 _aPink Floyd P.U.L.S.E:
942 _cDVD
999 _c1922
_d1922